00386nam a2200121Ia 450000500170000000800410001710000190005824501230007725000110020026000290021130000110024065000130025120260328104344.0260328s9999||||xx |||||||||||||| ||und|| aRene, Ignacio  0aLa Ética en la Construcción de Ciudadanía Desde la perspectiva del Diseño y la Arquitectura /cIgnacio Rene a1a ed. bAlcaldía de Medellín a116 p. aTEORÍA